<?xml version="1.0" encoding="UTF-8"?>
<marc:record xmlns:marc="http://www.loc.gov/MARC21/slim">
   <marc:leader>00000nam a2200000 a 4500</marc:leader>
   <marc:datafield ind1="1" ind2=" " tag="100">
      <marc:subfield code="a">Landy, Derek</marc:subfield>
      <marc:subfield code="4">aut</marc:subfield>
      <marc:subfield code="e">Verfasser/-in</marc:subfield>
   </marc:datafield>
   <marc:datafield ind1="0" ind2="0" tag="245">
      <marc:subfield code="a">Duell der Dimensionen</marc:subfield>
   </marc:datafield>
   <marc:datafield ind1="0" ind2="0" tag="245">
      <marc:subfield code="b">Skulduggery Pleasant</marc:subfield>
   </marc:datafield>
   <marc:datafield ind1=" " ind2="1" tag="264">
      <marc:subfield code="b">Loewes-Verlag</marc:subfield>
      <marc:subfield code="c">2013</marc:subfield>
   </marc:datafield>
   <marc:datafield ind1="1" ind2=" " tag="490">
      <marc:subfield code="a">Skulduggery Pleasant</marc:subfield>
   </marc:datafield>
   <marc:datafield ind1="1" ind2=" " tag="520">
      <marc:subfield code="a">Warum haben ganz normale Sterbliche plötzlich magische Fähigkeiten? Die wenigsten können damit umgehen. Wie zum Beispiel Jerry, der sich für einen Schmetterling hält. Ausgerechnet Walküre muss ihn ständig aus der Luft holen und das nervt. Schließlich wurde sie zur Weltenretterin ausgebildet und nicht zum Babysitter für durchgeknallte Sterbliche.
Aber einige dieser Neu-Magier entwickeln so starke Kräfte, dass sie eine blutige Spur der Verwüstung durch das ganze Land ziehen.
Nur ein sehr mächtiger Zauberer kann ihnen diese unglaubliche Macht gegeben haben. Einer, der seinen wahren Namen kennt.
So wie Walküre selbst. Und er muss unbedingt gestoppt werden!</marc:subfield>
   </marc:datafield>
   <marc:datafield ind1=" " ind2=" " tag="020">
      <marc:subfield code="a">9783785574522</marc:subfield>
      <marc:subfield code="9">9783785574522</marc:subfield>
   </marc:datafield>
</marc:record>
